Dan Brown Robert Langdon Quiz - Statistics

General Stats
  • This quiz has been taken 9 times
  • The average score is 8 of 15
Answer Stats
Hint Answer % Correct
What cartoon appears on Landgon's watch? Mickey Mouse
89%
What sport is Langdon the best at? Swimming
89%
What course does Langdon teach in Harvard? Symbology
89%
What letter represents the sacred feminine? V
89%
What orb was missing from Newton's tumb? Apple
67%
Who is the author of the book that Langdon wants access to in the Vatican Archives? Gallileo
67%
Statues of what pave the way of the path of Illumination? Angels
44%
In which movie does Langdon's co-star date the villain? Inferno
44%
Where is the Holy Grail? Louvre
44%
Outside every church of the illuminati there is that egyptian artifact Obelisk
44%
Where are is the papal guard from? Switzerland
33%
Who gave him that watch? Parents
22%
What does cerca trova mean? Seek and find
11%
What is the punishment for thieves in Dante's Inferno? Snakes
11%
Who turned out to be the Teacher? Tipping
11%
No matching quizzes found
Score Distribution
Percent of People with Each Score
Percentile by Number Answered
Your Score History
You have not taken this quiz